Sports Quiz

Random Sports Quiz

League One Champions! Quiz Stats

 Plays Quiz not verified by Sporcle

Score 0/18 Timer 05:00
0 Plays Today
Season Team % Correct
2007-2008Swansea City
81.1%
2008-2009Leicester City
75.7%
2009-2010Norwich City
75.7%
1992-1993Stoke City
70.3%
1993-1994Reading
67.6%
1994-1995Birmingham City
67.6%
1998-1999Fulham
67.6%
2002-2003Wigan Athletic
59.5%
2006-2007Scunthorpe United
59.5%
Season Team % Correct
2000-2001Millwall
56.8%
2001-2002Brighton & Hove Albion
56.8%
1999-2000Preston North End
54.1%
2003-2004Plymouth Argyle
54.1%
2004-2005Luton Town
54.1%
1997-1998Watford
45.9%
2005-2006Southend United
45.9%
1995-1996Swindon Town
43.2%
1996-1997Bury
32.4%

You're not logged in!

Compare scores with friends on all Sporcle quizzes.
OR
Log In

Show Comments

Extras

Created Nov 16, 2010ReportNominate
Tags:champion, league, season, team

Top Quizzes Today


Score Distribution

Your Account Isn't Verified!

In order to create a playlist on Sporcle, you need to verify the email address you used during registration. Go to your Sporcle Settings to finish the process.

Report this User

Report this user for behavior that violates our Community Guidelines.

Details: